| 000 | 00697nam a2200157Ia 4500 | ||
|---|---|---|---|
| 008 | 231221s9999 xx 000 0 und d | ||
| 020 | _a978-3-642-22386-0 | ||
| 041 | _aEnglish | ||
| 100 | _aZbigniew Huzar, Radek Koci, Bertrand Meyer, Bartosz Walter, Jaroslav Zendulka | ||
| 245 | 0 | _aSoftware Engineering Techniques | |
| 260 |
_c2011 _bSpringer US _aNew York |
||
| 440 | _aLecture Notes in Computer Science | ||
| 650 | _aComputer Science | ||
| 650 | _aSoftware Engineering; Management of Computing and Information Systems; Programming Techniques; Programming Languages, Compilers, Interpreters; Information Systems Applications (incl.Internet); Logics and Meanings of Programs | ||
| 942 | _cEB | ||
| 999 |
_c224092 _d224092 |
||